| 000 | 00982nam a22002897a 4500 | ||
|---|---|---|---|
| 003 | EG-GICUC | ||
| 005 | 20260121101332.0 | ||
| 008 | 251123s1939 ua |||fr|||| 000 0 ara d | ||
| 040 |
_a EG-GICUC _bara _c EG-GICUC _d EG-GICUC _erda |
||
| 041 | 0 | _aara | |
| 082 | 0 | 4 |
_221 _a345.31 _bا ح . م |
| 092 | 0 | 4 | _221 |
| 099 | _aLaw1 07 345.31 ا ح . م 1939 | ||
| 100 | 1 |
_aإحسان الشريف _eمؤلف. |
|
| 245 | 1 | 0 |
_aموجز الحقوق الإدارية. _nالجزء الثاني / _cإحسان الشريف. |
| 264 | 1 |
_aالقاهرة : _b[دار النهضة العربية], _c[1939]. |
|
| 300 |
_a378 صفحة ؛ _c24 سم. |
||
| 336 |
_2rda content _atext |
||
| 337 |
_2rda media _aComputer |
||
| 338 |
_2rda carrier _aOnline Resource |
||
| 504 | _a ببليوجرافيا: صفحات. | ||
| 650 | 1 | 4 |
_aالضبط الإداري _2qrmak |
| 651 | 1 | _2qrmak | |
| 856 | 4 | 0 | _uhttps://fll.law.cu.edu.eg/fulltext/bks/B07-00911.pdf |
| 905 | _a78 | ||
| 942 |
_2ddc _cBK _e21 _n0 |
||
| 999 |
_c45325 _d45325 |
||